Statistiques concernant Les matchs de football ayant réalisés la meilleure audience en France

Cliquez ici pour prendre le quiz!

Statistiques générales

  • Ce quiz a été pris 370 fois
  • Le résultat moyen est 8 sur 11

Statistiques - réponses

Audience (en millions)MatchScoreAdversaire% Correct
22,1Finale CdM 20061-1 (3-5 tab)Italie
99%
20,6Finale CdM 19983-0Brésil
97%
20,8Finale Euro 20160-1 a.p.Portugal
97%
21,4Finale Euro 20002-1 b.e.oItalie
92%
19,2Demi-finale Euro 20162-0Allemagne
90%
22,2Demi-finale CdM 20061-0Portugal
80%
17,7Demi-finale CdM 19982-1Croatie
77%
19,68e de finale CdM 20063-1Espagne
77%
18,3Demi-finale Euro 20002-1Portugal
62%
18,31er tour CdM 20062-0Togo
41%
18,01er tour CdM 20061-1Corée du Sud
36%

Distribution des résultats

Percentile par nombre de réponses

% des personnes avec chaque résultat

Votre développement - résultats

Vous n’avez pas pris ce quiz